000 04091nam a2200445 a 4500
001 dia_6134
003 CHAP
005 20240815091528.0
007 ta
008 220601s2015 mx abd frm 001 0 spa d
040 _amxchpua
_cCHAP
041 0 _aspa
_beng
090 _aTesis
_bA46
_c2015
100 1 _aAlmaro Vilchis, Jonathan
245 1 0 _aEfecto de tres formas de beneficiado en las características fisicoquímicas y bromatológicas de dos variedades de café (Coffea arabica L.) /
_cJonathan Almaro Vilchis y Lorena Edita Rojas Durán
264 _aChapingo, México :
_bEl autor,
_c2015
300 _ax, 69 hojas :
_bilustraciones, tablas, gráficas, diagramas, mapas +
_e1 CD-ROM
336 _2rdacontent
_atexto
_btxt
337 _2rdamedia
_ano mediado
_bn
338 _2rdacarrier
_avolumen
_bnc
502 _aTesis
_b(Ingeniero Agroindustrial) --
_cUACh. Departamento de Ingeniería Agroindustrial,
_d2015
504 _aBibliografía: hojas 64-69
520 3 _aPara el proceso de beneficiado de café existen 3 tipos de vías las cuales son; la seca, semihúmeda y húmeda.La vía húmeda es considerada la vía tradicional, además se ha comprobado que el uso de esta vía conserva las características del café generando un café de buena calidad, sin embargo, el uso excesivo de agua utilizado durante el proceso de beneficiado húmedo de café conllevó a generar alternativas en las cuales el uso de agua se reduzca en gran cantidad, una de éstas es la vía de beneficiado húmedo.Se realizó una caracterización fisicoquímica y bromatológica de dos variedades de café, Bourbón Amarillo y Questlansasé del Centro Regional Universitario de Oriente (CRUO-UACh), sometidas a tres vías de beneficiado con la finalidad de estudiar los cambios causados por el tipo de procesamiento que pueden interferir en la calidad final del café, así determinar si la seca o vía semihúmeda, es una alternativa a la vía húmeda al conservar la calidad del café.Se comprobó que la vía semihúmeda conserva las características fisicoquímicas y bromatólogicas de café, sin embargo, en cuanto al tipo de variedad se encontraron diferencias significativas en su composición. \
520 3 _aThere are 3 different process for the coffee production, which are wet, dry and semi-dry process.The wet process is considered the traditional one, it has been found that processing coffee in this way helps to retain its characteristics in order to get a good quality beverage, however, the overuse of water during the wet process led to generate alternatives where the use of water is reduced in a large amount, one of them is the dry process.Bromatological and physicochemical characterization were performed for two coffee bean varieties: Yellow Bourbon and Questlansasé from the "Centro Regional Universitario de Oriente (CRUO-UACh)", which were treated by the 3 different process for the coffee production in order to study the changes caused by them and that can interfere with the final quality of the coffee, so as to establish if dry or semi-dry processes are possible alternatives to the wet one, if they preserved the coffee's quality.It was found that the semi-dry process preserves the coffee's physicochemical and qualitative characteristics, however, there were significant differences between the varieties because of their composition.
650 1 3 _aSemillas de café
_2atg
650 1 3 _aPropiedades fisicoquímicas
_2atg
650 1 3 _aPropiedades sensoriales
_2atg
650 1 3 _aCoffee beans
_2atg
650 1 3 _aPhysicochemical properties
_2atg
650 1 3 _aSensory properties
_2atg
700 1 _aRojas Durán, Lorena Edita
_eautora
700 1 _aPartida Sedas, José Gervasio
_edirector
700 1 _aRivera Salvador, Víctor
_easesor
700 1 _aEsparza Torres, Félix
_easesor
856 _uhttp://10.13.5.2/tesis/sist111939.pdf
_yDESCARGAR PDF
901 _aTESIS A46 2015
902 _aM
905 _a5232272015 mx nmbl8223123322spa16
942 _cTESIS
_2Clasificación Universidad Autónoma Chapingo
999 _c209652
_d209652